00507 2200193 4500001002100000005001500021008004100036020002200077035001900099041000700118082001000125090001600135100001600151245005200167250001000219260003300229300002700262650002400289INLIS00000000001449320241224114745241224||||||||| | ||| |||| || |  a978-979-756-581-7 0010-1224014493 aid0 a400.7 a400.7 ZUL d0 aIda Zulaeha00aDialektologi: Dialek Geografi dan Dialek Sosial aCet.1 aYogyakartabGraha Ilmuc2010 ax,130 hlm; ilus.: 23cm 0aBahasa & Linguistik